• 首页
  • 本馆介绍
  • 公告通知
  • 最新文献
  • 馆藏检索
  • 电子资源
  • 读者导购
  • 参考咨询
  • 我的图书馆
  • 登录
  • 详细信息显示
  • 放入我的书架
  • 预约/预借图书
  • 作者相关作品
  • 分类相关作品
  • 丛书相关作品
  • 出版社相关作品

书目信息

  • 表格格式
  • 工作单格式
  • 卡片格式
题名:
足球春秋
    
 
作者: 三分之二先生 著
分册:  
出版信息: 广州   广东旅游出版社  2018.7
页数: 276页
开本: 24cm
丛书名:
单 册:
中图分类: G843.732
科图分类:
主题词: 足球运动--世界杯--通俗读物
电子资源:
ISBN: 978-7-5570-1382-0
000 01139nam0 2200289 45
001 012001001102
005 20130910144241.0
010    @a978-7-5570-1382-0@dCNY58.00
099    @aCAL 012018122555
100    @a20180823d2018 em y0chiy0110 ea
101 0  @achi
102    @aCN@b440000
105    @ay z 000yy
106    @ar
200 1  @a足球春秋@Azu qiu chun qiu@e兄弟聊世界杯@f三分之二先生著
210    @a广州@c广东旅游出版社@d2018.7
215    @a276页@d24cm
300    @a其他题名:兄弟聊世界杯
312    @a封面题英文并列题名:Soccer: the brothers talk about the world cup
330    @a本书凝结着一个40年老球迷对世界杯的真挚迷恋,对足球的殷切情怀。作者从1978年备战高考的学子,到1998年闯荡华尔街的精英,再到2018年造诣精深的学者,足球一路相伴,见证40年人生的荣耀与坎坷,走过40年经历的奔波和悲欢,积淀下40年的足球往事与世界杯记忆。
510 1  @aSoccer@ethe brothers talk about the World Cup@zeng
517 1  @a兄弟聊世界杯
606 0  @a足球运动@x世界杯@j通俗读物
690    @aG843.732@v5
701  0 @a三分之二先生@Asan fen zhi er xian sheng@4著
801    @aCN@b江苏凤凰@c20211018
905    @b1342211-4@dG843.732@e641@f4
    
    足球春秋:兄弟聊世界杯/三分之二先生著.-广州:广东旅游出版社,2018.7
    276页;24cm
    其他题名:兄弟聊世界杯
    
    ISBN 978-7-5570-1382-0:CNY58.00
    本书凝结着一个40年老球迷对世界杯的真挚迷恋,对足球的殷切情怀。作者从1978年备战高考的学子,到1998年闯荡华尔街的精英,再到2018年造诣精深的学者,足球一路相伴,见证40年人生的荣耀与坎坷,走过40年经历的奔波和悲欢,积淀下40年的足球往事与世界杯记忆。
●
相关链接 在E读中查询图书 在五车中查询图书 在当当中查询图书 在豆瓣中查询图书


正题名:足球春秋     索取号:G843.732/641         预约/预借

序号 登录号 条形码 馆藏地/架位号 状态 备注
1 1342211   213422116   第一样本阅览室/ [索取号:G843.732/641] 在馆    
2 1342212   213422125   第四借阅区/ [索取号:G843.732/641] 在馆    
3 1342213   213422134   第四借阅区/ [索取号:G843.732/641] 在馆    
4 1342214   213422143   第四借阅区/ [索取号:G843.732/641] 在馆    
唐山师范学院图书馆 欢迎您!
大连网信软件有限公司© 版权所有